00000000nam 2200000zi 4500
0019.867822
003CaOODSP
00520241203113645
006m     o  d f      
007cr nn|||||||||
008190131s1987    oncab   ob   f000 0 eng d
040 |aCaOODSP|beng|erda|cCaOODSP
041 |aeng|bfre
043 |an-cn-on|an-us-mi
0861 |aEn13-5/87-42E-PDF
1001 |aBukata, R. P., |eauthor.
24510|aRemote and in situ optical studies of seston and suspended sediment concentrations in Lake St. Clair / |cby R.P. Bukata, J.H. Jerome, and J.E. Bruton.
264 1|aBurlington, Ontario : |bRivers Research Branch, National Water Research Institute, Canada Centre for Inland Waters, |c1987.
300 |a1 online resource (38 pages, 38 unnumbered pages) : |billustrations, map.
336 |atext|btxt|2rdacontent
337 |acomputer|bc|2rdamedia
338 |aonline resource|bcr|2rdacarrier
4901 |aNWRI contribution ; |v87-42
500 |aCover title.
500 |a"RRB-87-10."
500 |a"February 1987."
500 |aDigitized edition from print [produced by Environment and Climate Change Canada].
504 |aIncludes bibliographical references.
520 |a"The importance of Lake St. Clair (located in the middle of the aquatic transport avenue between Lake Huron and Lake Erie), both as a sediment trap and an aquatic flow-through between the Upper and Lower Great Lakes, has prompted extensive Canadian and American studies in recent years. This report presents some initial results of an optical study of the shallow waters of Lake St. Clair performed during the May to November 1985 field season. The optical study included direct subsurface measurements of optical transmission, as well as remote upwelling radiance measurements obtained from a shipborne Multispectral Optical Monitoring System (MOMS)"--Introduction, page 1.
546 |aIncludes management perspective and abstract in French.
69207|2gccst|aSediments
69207|2gccst|aLakes
7001 |aJerome, John H. |q(John Harvey)|eauthor.
7001 |aBruton, J. E., |eauthor.
7101 |aCanada. |bEnvironment Canada.
7102 |aNational Water Research Institute (Canada). |bRivers Research Branch.
830#0|aNWRI contribution ;|v87-42.|w(CaOODSP)9.844121
85640|qPDF|s3.99 MB|uhttps://publications.gc.ca/collections/collection_2019/eccc/En13-5-87-42-eng.pdf